000 00570cam a2200145 4500500
005 20251012010400.0
041 _afre
042 _adc
100 1 0 _aLaignel-Lavastine, Alexandra
_eauthor
245 0 0 _aMichael Walzer : « Rester les bras croisés pendant que l’Iran se doterait de l’arme atomique serait une lourde erreur »
260 _c2006.
500 _a25
786 0 _nPhilosophie magazine | 3 | 8-9 | 2006-09-01 | p. 8-8 | 1951-1787
856 4 1 _uhttps://shs.cairn.info/magazine-philosophie-magazine-2006-8-9-page-8?lang=fr&redirect-ssocas=7080
999 _c1518967
_d1518967